| 000 | 00488nam a22001457a 4500 | ||
|---|---|---|---|
| 003 | OSt | ||
| 005 | 20250909133638.0 | ||
| 008 | 250909b |||||||| |||| 00| 0 eng d | ||
| 040 | _c0 | ||
| 082 | _aDPer 155.205 J826 July-September 2020 v. 119 n. 1-3 | ||
| 245 | _aJournal of personality and social psychology / | ||
| 260 |
_aWashington ; _bAmerican Psychological Association , _cJuly-September 2020. |
||
| 300 |
_aVolume 119, various paging : _billustrations ; _c27 cm. |
||
| 942 |
_2ddc _cPER |
||
| 999 |
_c23717 _d23717 |
||